Statistics for U.S. Coastal Cities > 100,000 Population

Click here to take the quiz!

General Stats

  • This quiz has been taken 10,910 times
    (2,213 since last reset)
  • The average score is 33 of 62

Answer Stats

PopulationCity% Correct
455,924Miami
99%
8,258,035New York
99%
808,988San Francisco
98%
755,078Seattle
98%
653,833Boston
97%
3,820,914Los Angeles
97%
1,388,320San Diego
96%
403,364Tampa
94%
364,136New Orleans
93%
985,843Jacksonville
89%
969,655San Jose
87%
453,649Virginia Beach
86%
565,239Baltimore
85%
190,792Providence
83%
436,504Oakland
79%
147,748Savannah
76%
449,468Long Beach
74%
155,369Charleston
73%
182,595Mobile
72%
304,960Newark
72%
291,657Jersey City
69%
184,255Fort Lauderdale
68%
316,595Corpus Christi
67%
263,553St. Petersburg
66%
286,075Anchorage
65%
341,778Honolulu
65%
135,319New Haven
63%
230,930Norfolk
59%
122,698Wilmington
56%
148,028Bridgeport
52%
114,106Richmond
52%
222,906Tacoma
52%
183,118Newport News
47%
274,333Chula Vista
41%
224,455Cape Coral
39%
124,130West Palm Beach
39%
192,129Huntington Beach
36%
136,226Stamford
36%
153,859Hollywood
35%
245,021Port St. Lucie
35%
118,962Berkeley
32%
116,850Clearwater
32%
198,488Oxnard
31%
226,208Fremont
30%
137,098Hampton
30%
170,020Oceanside
29%
111,180Everett
27%
135,829Elizabeth
26%
146,716Pasadena
26%
101,597Quincy
25%
100,695New Bedford
24%
101,327San Mateo
23%
109,058Ventura
23%
113,495Carlsbad
21%
101,241Lynn
21%
113,619Pompano Beach
21%
100,659Suffolk
20%
135,566Palm Bay
19%
139,224Torrance
19%
155,675Hayward
18%
122,807Vallejo
18%
151,967Sunnyvale
16%

Score Distribution

Percentile by Number Answered

Percent of People with Each Score

Your Score History

You have not taken this quiz since the last reset